Negotiating citizenship in the maya biosphere reserve, Guatemala /

Furkejuvvon:
Bibliográfalaš dieđut
Váldodahkki: Sundberg, Juanita
Materiálatiipa: Texto
Fáddágilkorat: Lasit fáddágilkoriid
Eai fáddágilkorat, Lasit vuosttaš fáddágilkora!

MARC

LEADER 00000 a a2200000 04500
001 47169
003
040
100 |a Sundberg, Juanita  
245 |a Negotiating citizenship in the maya biosphere reserve, Guatemala /  |c Juanita Sundberg  
773 |g páginas 97-111  
999 |c 30571  |d 30571